000 00774nam a2200301Ia 4500
001 177
005 20240113233400.0
007 ta
008 050105s1993 g b000 u bod u
040 _aCotton College,Assam
041 _abod
082 _a891.491 B
_bBr 72 Ha
100 _aBrahma, Kamal Kumar .
245 0 _aHar Badi Khwmshi /
_cKamal Kumar Brahma.
_hTextual Documents
250 _a1st ed. /
260 _aGuwahati :
_bBodo sahitya sabha ,
_c1993.
300 _a57p. ;
_c21cm.
500 _aThis book is written in bodo language
653 _aBodo drama
653 _aGen-Bodo
942 _2ddc
_cBK
999 _c177
_d177